| 000 | 00623nam a2200181 u 4500 | ||
|---|---|---|---|
| 001 | 000503311 | ||
| 003 | AM-YeHGA | ||
| 005 | 20250617134658.0 | ||
| 008 | 061011s1977 ||| r 000 0 rus d | ||
| 040 | _aAM-YeHGA | ||
| 041 | 1 | _arus | |
| 245 | 0 | 0 |
_aЛирика : _b[Стихи марийских поэтов]. |
| 260 |
_aЙошкар-Ола : _bМарийское кн. изд-во, _c1977. |
||
| 300 |
_a95 с. : _bил. |
||
| 505 | 1 | _aАвт.: Сергй Чавайн; Олык Ипай; Йыван Крыля; Никандр Ильяков и др. | |
| 653 | 0 | _aМарийская поэзия | |
| 090 | _c187874 | ||
| 999 |
_c186412 _d186412 |
||